Central Library OPAC University of Rajshahi

The Winter's tale / (Record no. 19745)

MARC details
000 -LEADER
fixed length control field 00815nam a2200277 a 4500
001 - CONTROL NUMBER
control field 19745
003 - CONTROL NUMBER IDENTIFIER
rucl marc code BD-RjUL
005 - DATE AND TIME OF LATEST TRANSACTION
control field 20211209000455.0
008 - FIXED-LENGTH DATA ELEMENTS--GENERAL INFORMATION
fixed length control field 140225r19661956enk 000 0 eng d
035 ## - SYSTEM CONTROL NUMBER
System control number 0198111304
System control number (OCoLC)863353333
-- BD-RjUL
040 ## - CATALOGING SOURCE
Original cataloging agency DLC
Transcribing agency DLC
Modifying agency m.c
-- BD-RjUL
Language of cataloging eng
041 ## - LANGUAGE CODE
Language code of text/sound track or separate title eng
082 ## - DEWEY DECIMAL CLASSIFICATION NUMBER
Classification number 822.33
Author mark and year WIN 1966
245 04 - TITLE STATEMENT
Title The Winter's tale /
Statement of responsibility, etc. edited by S.L.Bethell
260 ## - PUBLICATION, DISTRIBUTION, ETC. (IMPRINT)
Place of publication, distribution, etc. Oxford :
Name of publisher, distributor, etc. Clarendon Press,
Date of publication, distribution, etc. 1956 [Reprinted 1966].
300 ## - PHYSICAL DESCRIPTION
Pagination 265 p. ;
Size 21 cm
600 10 - SUBJECT ADDED ENTRY--PERSONAL NAME
Personal name Shakespeare, William,
Dates associated with a name 1564-1616.
General subdivision Concordances.
650 ## - SUBJECT ADDED ENTRY--TOPICAL TERM
Topical term or geographic name as entry element Adultery Drama
9 (RLIN) 59178
700 1# - ADDED ENTRY--PERSONAL NAME
Personal name S.L.Bethell
830 #0 - SERIES ADDED ENTRY--UNIFORM TITLE
Uniform title Oxford Shakespeare concordances
942 ## - ADDED ENTRY ELEMENTS (KOHA)
Source of classification or shelving scheme Dewey Decimal Classification
Koha item type Books
Holdings
Lost status Source of classification or shelving scheme Damaged status Not for loan Collection code Permanent Location Current Location Shelving location Date acquired Source of acquisition Cost, normal purchase price Total Checkouts Full call number Date last seen Copy number Koha item type
  Dewey Decimal Classification     Fiction Central Library, University of Rajshahi Central Library, University of Rajshahi   08/01/1970 Zeit 6.00   822.33 WIN 1966 25/02/2014 C-2 Books
  Dewey Decimal Classification     Fiction Central Library, University of Rajshahi Central Library, University of Rajshahi   24/02/1970 Zeit 6.00   822.33 WIN 1966 25/02/2014 C-5 Books